GCSE business studies/ (Record no. 182338)

MARC details
000 -LEADER
fixed length control field 00582nam a2200205 4500
001 - CONTROL NUMBER
control field vtls001982660
003 - CONTROL NUMBER IDENTIFIER
control field MY-SjTCS
005 - DATE AND TIME OF LATEST TRANSACTION
control field 20200226121413.0
008 - FIXED-LENGTH DATA ELEMENTS--GENERAL INFORMATION
fixed length control field 110218 00 eng
020 ## - INTERNATIONAL STANDARD BOOK NUMBER
International Standard Book Number 1872807127
039 #9 - LEVEL OF BIBLIOGRAPHIC CONTROL AND CODING DETAIL [OBSOLETE]
Level of rules in bibliographic description 201102181605
Level of effort used to assign nonsubject heading access points VLOAD
-- 200407271919
-- VLOAD
082 04 - DEWEY DECIMAL CLASSIFICATION NUMBER
Classification number 650
Item number PRA
100 1# - MAIN ENTRY--PERSONAL NAME
Personal name Pratten, John.
9 (RLIN) 11993
245 10 - TITLE STATEMENT
Title GCSE business studies/
Statement of responsibility, etc. John Pratten, Nigel Proctor.
260 ## - PUBLICATION, DISTRIBUTION, ETC.
Place of publication, distribution, etc. Wirral , Merseyside :
Name of publisher, distributor, etc. Tudor,
Date of publication, distribution, etc. c1997.
300 ## - PHYSICAL DESCRIPTION
Extent 154p.
Dimensions 25 cm.
650 #0 - SUBJECT ADDED ENTRY--TOPICAL TERM
Topical term or geographic name entry element Business.
700 1# - ADDED ENTRY--PERSONAL NAME
Personal name Proctor, Nigel.
9 (RLIN) 105097
920 ## - Programme
Programme TCHT : 620595
Holdings
Withdrawn status Lost status Source of classification or shelving scheme Damaged status Not for loan Home library Current library Date acquired Total Checkouts Barcode Date last seen Date last checked out Copy number Koha item type Public note
  Missing Dewey Decimal Classification     Taylor's Library-TU Taylor's Library-TU 27/07/2004   1000800234 12/12/2019 27/01/2010 1 Main Collection SHTEx,70000,03,GR